00739nam a22001937a 4500999001900000005001700019010001500036020002700051035001400078037001300092082001000105100001900115245008200134260005700216270009700273300002900370942002400399952012200423 c187828d18782820220429172535.0 aENG-132480 a9789386250575c1195.00 aEN-116012 bDBAD/PUB a657.4 aLavi, Mohan R. aInd AS Implementation:bLearnings from first time experiences/cMohan R. Lavi aNew DelhibBloomsbury Publishing India pvt Ltdc2016 aDDA Complex, LSC Building No. 4 Second Floor, Pocket C-6 & 7, Vasant KunjbNew Delhie110070 axxviii, 572p.c22cm(pbk) 2ddccENh657.4mLAV 001040708NFICaAVbAVd2022-04-29eDBAD/PUBg1195.00l0o657.4 LAVpEN-116012r2022-04-29 00:00:00t1v1195.00yEN